[Event "Muret Seniors op 14th"]
[Site "Muret"]
[Date "2015.06.22"]
[Round "2"]
[White "Riviere, Gerard"]
[Black "Bonnal, Louis"]
[Result "1-0"]
[WhiteElo "1837"]
[BlackElo "1635"]
[PlyCount "41"]
[EventDate "2015.06.22"]
[EventType "swiss"]
[EventRounds "7"]
[EventCountry "FRA"]
[SourceTitle "EXT 2016"]
[Source "ChessBase"]
[SourceDate "2015.10.08"]
[SourceVersion "1"]
[SourceVersionDate "2015.10.08"]
[SourceQuality "1"]

1. d4 Nf6 2. Nf3 g6 3. c4 Bg7 4. g3 0-0 5. Bg2 d6 6. Nc3 Re8 7. 0-0 Nbd7 8. Qc2 e5 9. dxe5 dxe5 10. Rd1 c6 11. Ng5 Qc7 12. Nge4 Nb6 13. Bg5 Ng4 14. Nd6 Rf8 15. c5 Nd5 16. Nxd5 cxd5 17. Bxd5 h6 18. Bd2 Rb8 19. Rac1 a6 20. Qxg6 Nf6 21. Bxh6 1-0

[Event "Saint Affrique op 22nd"]
[Site "Saint Affrique"]
[Date "2014.07.21"]
[Round "4"]
[White "Roubaud, Alexandre"]
[Black "Riviere, Gerard"]
[Result "1-0"]
[WhiteElo "2171"]
[BlackElo "1791"]
[PlyCount "71"]
[EventDate "2014.07.19"]
[EventType "swiss"]
[EventRounds "9"]
[EventCountry "FRA"]
[SourceTitle "CBM 161 Extra"]
[Source "ChessBase"]
[SourceDate "2014.08.29"]
[SourceVersion "1"]
[SourceVersionDate "2014.08.29"]
[SourceQuality "1"]

1. e4 c5 2. Nf3 d6 3. d4 cxd4 4. Nxd4 Nf6 5. Nc3 a6 6. Be3 e5 7. Nb3 Be6 8. f3 Nbd7 9. Qd2 Nb6 10. g4 h6 11. 0-0-0 Rc8 12. h4 Qc7 13. Qf2 Nfd7 14. Kb1 Nc4 15. Bxc4 Bxc4 16. Nd5 Bxd5 17. Rxd5 b5 18. Re1 Be7 19. g5 hxg5 20. hxg5 g6 21. c3 Rh5 22. Qg1 Kf8 23. Rf1 Kg7 24. f4 exf4 25. Bxf4 Ne5 26. Qg3 Nc4 27. Qf2 Ne5 28. Bxe5+ dxe5 29. Qxf7+ Kh8 30. Qxg6 Rh7 31. Qxa6 Qc4 32. Nd2 Qc7 33. g6 Rh2 34. Qe6 Rf8 35. Rxf8+ Bxf8 36. Rd7 1-0

[Event "Saint Affrique op 22nd"]
[Site "Saint Affrique"]
[Date "2014.07.20"]
[Round "2"]
[White "Milchev, Nikolay"]
[Black "Riviere, Gerard"]
[Result "1-0"]
[WhiteElo "2424"]
[BlackElo "1791"]
[PlyCount "102"]
[EventDate "2014.07.19"]
[EventType "swiss"]
[EventRounds "9"]
[EventCountry "FRA"]
[SourceTitle "CBM 161 Extra"]
[Source "ChessBase"]
[SourceDate "2014.08.29"]
[SourceVersion "1"]
[SourceVersionDate "2014.08.29"]
[SourceQuality "1"]

1. d4 Nf6 2. Bg5 e6 3. Nd2 d5 4. Ngf3 Nbd7 5. e3 h6 6. Bh4 a6 7. Bd3 c5 8. c3 Be7 9. 0-0 0-0 10. Ne5 Nxe5 11. dxe5 Nd7 12. Bxe7 Qxe7 13. f4 f5 14. exf6 Nxf6 15. Nf3 Bd7 16. Ne5 Be8 17. Qf3 Rc8 18. Rae1 Rc7 19. Qh3 Ne4 20. Bxe4 dxe4 21. Rd1 Rf6 22. Rf2 c4 23. Rd4 b5 24. Rxe4 b4 25. Rd4 bxc3 26. bxc3 Bg6 27. Rfd2 Bd3 28. Qf3 Qa3 29. Rd8+ Kh7 30. Nxd3 cxd3 31. Qe4+ g6 32. R2xd3 Qc1+ 33. Kf2 Qb2+ 34. Kf3 Qb7 35. Qxb7 Rxb7 36. R8d7+ Rf7 37. Rxf7+ Rxf7 38. Rd6 e5 39. Rxa6 exf4 40. exf4 Rc7 41. Ra3 Rc4 42. Ke3 g5 43. fxg5 hxg5 44. Kd3 Rf4 45. c4 Rf2 46. c5 Rxg2 47. c6 Rxh2 48. Rc3 Rxa2 49. c7 Ra8 50. c8Q Rxc8 51. Rxc8 Kg6 1-0

[Event "Syre Memorial op 20th"]
[Site "Issy les Moulineaux"]
[Date "1997.05.??"]
[Round "?"]
[White "Flear, Christine"]
[Black "Riviere, Gerard"]
[Result "1-0"]
[WhiteElo "2250"]
[BlackElo "1970"]
[PlyCount "89"]
[EventDate "1997.05.??"]
[EventType "swiss"]
[EventRounds "9"]
[EventCountry "FRA"]
[SourceTitle "EXT 2007"]
[Source "ChessBase"]
[SourceDate "2006.11.23"]
[SourceVersion "1"]
[SourceVersionDate "2006.11.23"]
[SourceQuality "1"]

1. Nf3 Nf6 2. c4 e6 3. g3 b6 4. Bg2 Bb7 5. 0-0 c5 6. Nc3 Be7 7. b3 0-0 8. Bb2 d6 9. d4 cxd4 10. Qxd4 Nc6 11. Qd2 Qc7 12. Rac1 Rad8 13. e4 h6 14. Rfd1 Qb8 15. Qe2 Rfe8 16. Rd2 Rd7 17. Rcd1 Red8 18. h4 Qc8 19. Bh3 Ne5 20. Nh2 Qc6 21. f4 Ng6 22. Bg2 Qc5+ 23. Qf2 Nf8 24. g4 Qxf2+ 25. Kxf2 Ng6 26. e5 Ne8 27. Bxb7 Bxh4+ 28. Kf3 Rxb7 29. Ne4 Rbd7 30. f5 Nf8 31. exd6 Bf6 32. Nxf6+ gxf6 33. Ba3 e5 34. b4 Rc8 35. c5 bxc5 36. bxc5 Rc6 37. Ke4 Ra6 38. Rd3 Nh7 39. Kd5 Nc7+ 40. Kc4 Ra4+ 41. Kb3 Rxa3+ 42. Kxa3 Nb5+ 43. Kb4 Nd4 44. Rxd4 exd4 45. Rxd4 1-0

[Event "Syre Memorial op 20th"]
[Site "Issy les Moulineaux"]
[Date "1997.05.??"]
[Round "?"]
[White "Mohtaji, Javad"]
[Black "Riviere, Gerard"]
[Result "0-1"]
[WhiteElo "1970"]
[BlackElo "1970"]
[PlyCount "124"]
[EventDate "1997.05.??"]
[EventType "swiss"]
[EventRounds "9"]
[EventCountry "FRA"]
[SourceTitle "EXT 2007"]
[Source "ChessBase"]
[SourceDate "2006.11.23"]
[SourceVersion "1"]
[SourceVersionDate "2006.11.23"]
[SourceQuality "1"]

1. e4 c5 2. Nf3 d6 3. d4 cxd4 4. Nxd4 Nf6 5. Nc3 a6 6. Be2 Nc6 7. 0-0 g6 8. Be3 Bd7 9. Kh1 Bg7 10. f4 e5 11. fxe5 dxe5 12. Nb3 0-0 13. Bg5 h6 14. Be3 Re8 15. h3 Nd4 16. Nxd4 exd4 17. Bxd4 Nxe4 18. Nxe4 Rxe4 19. Bxg7 Kxg7 20. Qd5 Bf5 21. Qd3 Rd4 22. Qb3 Qc7 23. c4 Rad8 24. Rac1 Bd3 25. Bxd3 Rxd3 26. Qc2 Qc6 27. Qf2 R8d7 28. Kg1 Rd2 29. Qg3 Qb6+ 30. c5 Qxb2 31. c6 Qd4+ 32. Kh2 bxc6 33. Rxc6 Qd5 34. Rxa6 Rd3 35. Qf2 Qe5+ 36. Qf4 Qxf4+ 37. Rxf4 R3d4 38. Rf2 f5 39. a4 R4d6 40. Ra8 Rd8 41. Ra7+ R6d7 42. Rxd7+ Rxd7 43. a5 Ra7 44. Ra2 Ra6 45. Kg3 Kf6 46. Kf3 g5 47. Ke3 Ke5 48. Kd3 Kd5 49. Rf2 f4 50. Ra2 h5 51. Kc2 Kc5 52. Kd3 Kd5 53. Ra1 g4 54. h4 Ke5 55. Kc4 f3 56. g3 f2 57. Kb5 Rf6 58. Rf1 Ke4 59. a6 Ke3 60. a7 Rf8 61. Ra1 Kf3 62. Kc4 Kg2 0-1

[Event "Syre Memorial op 20th"]
[Site "Issy les Moulineaux"]
[Date "1997.05.??"]
[Round "?"]
[White "Riviere, Gerard"]
[Black "Vaquier, Albert"]
[Result "1-0"]
[WhiteElo "1970"]
[BlackElo "1620"]
[PlyCount "93"]
[EventDate "1997.05.??"]
[EventType "swiss"]
[EventRounds "9"]
[EventCountry "FRA"]
[SourceTitle "EXT 2007"]
[Source "ChessBase"]
[SourceDate "2006.11.23"]
[SourceVersion "1"]
[SourceVersionDate "2006.11.23"]
[SourceQuality "1"]

1. d4 d5 2. Nf3 e6 3. g3 Nf6 4. Bg5 Be7 5. c4 h6 6. Bxf6 Bxf6 7. e3 Nd7 8. Nc3 c6 9. Rc1 a6 10. Bd3 b6 11. 0-0 Bb7 12. cxd5 cxd5 13. Qb3 0-0 14. a4 Rb8 15. Rfd1 g6 16. Qc2 Kg7 17. Qe2 Ra8 18. Rd2 Re8 19. Qd1 e5 20. dxe5 Nxe5 21. Nxe5 Rxe5 22. Bf1 Rc8 23. Bg2 Rc7 24. Ne2 Rxc1 25. Qxc1 Re7 26. Qd1 Rd7 27. Qb3 g5 28. Nd4 Bxd4 29. Rxd4 f6 30. Qd1 f5 31. e4 Qe7 32. exf5 Qe5 33. h4 Rd6 34. Bh3 Rf6 35. hxg5 hxg5 36. b4 Rh6 37. Bg4 Kf7 38. Qd2 Bc6 39. b5 axb5 40. axb5 Qh8 41. Bf3 Qe5 42. bxc6 Rxc6 43. Bxd5+ Kf6 44. Bxc6 Qxf5 45. Rd6+ Ke7 46. Rd7+ Ke6 47. Qd6# 1-0